Zo zahraničia 46 štartujúcich : fakty z Bielej stopy SNP

Bibliographic Details
Main Author: (tg) (Author)
Format: Article
Language:Slovak
Subjects:

MARC

LEADER 00000nab a2200000 4500
001 vtls012134176
003 SK-MaSNL
005 20260303100336.0
008 220509|1989 xo wr p || |||| ||slo
015 |a SNBRB 2015  |2 svkbbbg 
038 |a SVKBBBG 
040 |a SVKBBBG  |b slo  |c SVKBBBG  |e rda 
041 0 |a slo 
043 |a e-xo--- 
044 |a xo  |c SK 
072 7 |a 796  |x Šport. Hry. Telesné cvičenia  |2 konspekt 
080 |a 796/799  |2 2011 
100 1 |a (tg)  |4 aut  |9 838908 
245 1 0 |a Zo zahraničia 46 štartujúcich : fakty z Bielej stopy SNP  |c (tg) 
336 |a text  |b txt  |2 rdacontent 
337 |a bez média  |b n  |2 rdamedia 
338 |a zväzok  |b nc  |2 rdacarrier 
611 7 |a Biela stopa SNP  |n (16. :  |d 1989 :  |c Banská Bystrica, Slovensko)  |2 snkbucl  |9 960939 
650 0 7 |a beh na lyžiach  |2 SNKPH  |9 3259 
655 7 |a články z novín a časopisov  |2 SNKPH  |9 267496 
665 |a Názov Biela stopa SNP sa používal do roku 2004. Od roku 2005 vypadne z oficiálneho názvu Bielej stopy prívlastok "SNP" 
773 0 |t Pravda : orgán Ústredného výboru Komunistickej strany Slovenska  |g Roč. 70, č. 40 (16. 2. 1989), s. 8 
852 |a SVKBB  |b KIS3GCP 
958 |a BP 
999 |c 1832713  |d 1834643